000 00569cam a22002291 4500
001 sa 68018917
003 DLC
005 20260227112715.0
008 940912s1965 ii c 000 0 pano
010 _asa 68018917
025 _aPL480:I-Pu-1198
035 _a(OCoLC)31091784
040 _aDLC
_cCU
_dCU
_dDLC
042 _apremarc
050 0 0 _aBL2018
_b.S522
100 1 _aSingh, Raghbir.
245 1 0 _aBaṅdagī nāmā.
260 _aCalcutta:
_bAtam-Science
_c[1965]
300 _a11, 419 p.
_bports.
_c19 cm.
500 _aIn Panjabi.
650 0 _aSikhism.
999 _c88711
_d88711